|
|
|
|
| LEADER |
00922nam a2200217 a 4500 |
| 001 |
2852141 |
| 008 |
100121s1990 bg b i000 0 eng d |
| 040 |
|
|
|a DJB
|c DJB
|d NIC
|d DB-DhAAL
|
| 082 |
0 |
0 |
|a 304.6/32/095492
|2 20
|
| 245 |
0 |
0 |
|a South Asia study of population policy and programmes :
|b Bangladesh /
|c edited by M. Badrud Duza.
|
| 260 |
|
|
|a Dhaka :
|b UNFPA, United Nations Population Fund,
|c 1990.
|
| 300 |
|
|
|a x, 274 p. ;
|c 25 cm.
|
| 504 |
|
|
|a Includes bibliographical references.
|
| 541 |
1 |
|
|e 00003903
|
| 650 |
|
0 |
|a Fertility, Human
|z Bangladesh.
|
| 650 |
|
0 |
|a Birth control
|z Bangladesh.
|
| 700 |
1 |
|
|a Badrud Duza, M.
|
| 710 |
2 |
|
|a United Nations Population Fund.
|
| 852 |
4 |
|
|a Ayesha Abed Library
|j General Shelf.
|
| 999 |
|
|
|c 7109
|d 7109
|
| 952 |
|
|
|0 0
|1 0
|2 ddc
|4 0
|6 304_632095492000000_SOU_1990
|7 0
|9 7381
|a BRACUL
|b BRACUL
|c GEN
|d 2010-01-21
|g 0.00
|l 0
|o 304.632095492 SOU
|p 3010003903
|r 2010-01-21
|t 1
|w 2010-01-21
|y BK
|z Not price in Register
|